| 000 | 00723nam a2200181Ia 4500 | ||
|---|---|---|---|
| 008 | 100920s9999 xx 000 0 und d | ||
| 082 |
_b17749 _a320 थ 66 |
||
| 100 | _aसंपादक-सरदार गंगाधर बाळकृष्ण. | ||
| 245 | _aसंक्रमणकाळाचे आव्हान. | ||
| 260 |
_bजोशी आणि लोखंडे प्रकाशन, पुणे 9. _c1966 |
||
| 300 |
_a432 _bसाधी |
||
| 365 | _b15 | ||
| 520 | _aराजकारण. | ||
| 630 | _aसंक्रमणकाळाचे आव्हान. | ||
| 650 | _aराजकारण. | ||
| 730 | _aसंक्रमणकाळाचे आव्हान. | ||
| 942 | _cBOOK | ||
| 999 |
_c679701 _d679698 |
||